000 00384nam a22001457a 4500
003 OSt
005 20260106145157.0
008 260106b |||||||| |||| 00| 0 eng d
040 _cIIMT UNIVERSITY
100 _aARZOO
245 _aCAST RELIGION AND POLITICS IN INDIA GANDHI'S PHILOSOPHICAL PERSPECTIVE
260 _aMEERUT
_bIIMT UNIVERSITY
_c2025
300 _a113
942 _2ddc
_c12
999 _c66908
_d66908